<?xml version="1.0" encoding="UTF-8"?>
<marc:record xmlns:marc="http://www.loc.gov/MARC21/slim">
   <marc:leader>00000nam a2200000 a 4500</marc:leader>
   <marc:datafield ind1="1" ind2=" " tag="100">
      <marc:subfield code="a">Cassel, Jean-Pierre</marc:subfield>
   </marc:datafield>
   <marc:datafield ind1="1" ind2=" " tag="100">
      <marc:subfield code="a">Schneider, Romy</marc:subfield>
   </marc:datafield>
   <marc:datafield ind1="1" ind2=" " tag="100">
      <marc:subfield code="a">Trintignant, Jean-Louis</marc:subfield>
   </marc:datafield>
   <marc:datafield ind1="1" ind2=" " tag="100">
      <marc:subfield code="a">Deville, Michel</marc:subfield>
   </marc:datafield>
   <marc:datafield ind1="0" ind2="0" tag="245">
      <marc:subfield code="a">Das wilde Schaf</marc:subfield>
   </marc:datafield>
   <marc:datafield ind1="0" ind2="0" tag="245">
      <marc:subfield code="c">Michel Deville. Darsteller: Jean-Louis Trintignant, Jean-Pierre Cassel, Romy Schneider, ...</marc:subfield>
   </marc:datafield>
   <marc:datafield ind1=" " ind2="1" tag="264">
      <marc:subfield code="a">Potsdam</marc:subfield>
      <marc:subfield code="b">FilmConfect Home Entertainment</marc:subfield>
      <marc:subfield code="c">2012</marc:subfield>
   </marc:datafield>
   <marc:datafield ind1="1" ind2=" " tag="490">
      <marc:subfield code="a">2</marc:subfield>
   </marc:datafield>
   <marc:datafield ind1="1" ind2=" " tag="520">
      <marc:subfield code="a">Der erfolglose Schriftsteller Claude benutzt seinen Freund Nicolas als Versuchskaninchen für sein neuestes Werk. Er drängt den schüchternen und biederen Bankangestellten dazu, mit einflussreichen Frauen ins Bett zu gehen. Nach dem Flittchen Marie-Paule erwartet das "wilde Schaf" mit der schönen Roberte eine echte Herausforderung. Nicolas findet schnell Gefallen an seinem neuen Leben und auch auf der Karriereleiter geht es für ihn steil bergauf. Doch schon bald pflastern die ersten Leichen seinen Weg...</marc:subfield>
   </marc:datafield>
   <marc:datafield ind1=" " ind2=" " tag="020">
      <marc:subfield code="a">B007V45D28</marc:subfield>
      <marc:subfield code="9">B007V45D28</marc:subfield>
   </marc:datafield>
   <marc:datafield ind1="0" ind2=" " tag="490">
      <marc:subfield code="v">0</marc:subfield>
   </marc:datafield>
   <marc:datafield ind1=" " ind2=" " tag="300">
      <marc:subfield code="a">ca. 101 Min.</marc:subfield>
   </marc:datafield>
</marc:record>
